000 00250nam a2200085Ia 4500
245 0 _aStar spotters : telescopes and observatories
100 _a JEFFERIS, David New York, 2009
_994750
942 _cBK
008 210818s9999 xx 000 0 und d
999 _c433116
_d433115